| 000 | 00571nam a2200205Ia 4500 | ||
|---|---|---|---|
| 003 | OSt | ||
| 005 | 20250303090923.0 | ||
| 008 | 210210b1969 xxu||||| |||| 00| 0 eng d | ||
| 040 | _cAL | ||
| 041 | _ahin | ||
| 082 | _aH891.3 DEVM | ||
| 100 |
_aDEVSARE (Harikrashn): _9203272 |
||
| 110 |
_bदेवसरे हरिकृष्ण _9203273 |
||
| 245 |
_aMangal grah me Raju: _bमंगल गृह में राजू |
||
| 260 |
_aNayi Dilli _bBal Book Bank _c1969 |
||
| 300 | _a88 | ||
| 690 |
_aHindi Fiction _9203274 |
||
| 906 | _a029273 | ||
| 942 |
_2ddc _cBK |
||
| 999 |
_c80494 _d80494 |
||